000 00666cam a2200193 i 4500
005 20251124111520.0
008 250721s9999 xx gr 000 0 ara d
082 1 4 _a211.6
_bح م ص
100 1 _aالحمصي، عبد الكريم
_eمؤلف.
245 1 0 _aصور من سور القرآن الكريم /
_cعبد الكريم الحمصي.
264 _a[غير معرف] :
_b[غير معرف]،
_c[بين 1990 و1999].
300 _a208 صفحة.
650 1 7 _aالقرآن الكريم.
650 1 7 _aسور القرآن.
650 1 7 _aألفاظ القرآن.
650 1 7 _aتفسير القرآن.
942 _2ddc
_cBK
999 _c2534
_d2534